| 000 | 01097cam a2200301 a 4500 | ||
|---|---|---|---|
| 001 | 3486 | ||
| 005 | 20250820104850.0 | ||
| 020 | _a0590169320 | ||
| 040 |
_aDLC _cDLC _dDLC _beng |
||
| 050 | 0 | 0 | _aE99.A349 |
| 082 | 0 | 0 | _a398.2089973 |
| 100 | 1 |
_aMartin, Rafe _d1946- |
|
| 245 | 1 | 4 |
_aThe rough-face girl / _cRafe Martin ; illustrated by David Shannon |
| 250 | _aFirst Scholastic printing , October 1993 | ||
| 260 |
_aNew York : _bScholastic , _c1992 |
||
| 300 |
_a32 unnumbered pages : _bcolor illustrations ; _c29 cm. |
||
| 505 | _aM | ||
| 520 | _aIn this Algonquin Indian version of the Cinderella story, the Rough-Face Girl and her two beautiful but heartless sisters compete for the affections of the Invisible Being. | ||
| 521 |
_a540
_bLexile |
||
| 521 |
_aM
_bRaz-Plus |
||
| 650 | 0 |
_aAlgonquin Indians _xFolklore. |
|
| 650 | 0 | _aCinderella (Tale) | |
| 650 | 1 |
_aAlgonquin Indians _xFolklore. |
|
| 650 | 1 |
_aIndians of North America _xFolklore. |
|
| 700 | 1 |
_aShannon, David _d1959- _eillustrator |
|
| 906 |
_a7 _bcbc _corignew _d1 _eocip _f19 _gy-gencatlg |
||
| 942 |
_2ddc _cBK _n0 |
||
| 999 |
_c3486 _d3486 |
||